000
00313nam a2200145Ia 4500
100
_a
Kulkarni/ K.T
650
_a
Automobiles
942
_c
BK
366
_f
10
654
_a
Industrial Safety
245
_a
Introduction to Industrial Safety
260
_b
Kulkarni
_a
Kalyan
300
_a
189
546
_a
ENGLISH
999
_c
27891
_d
27891